| 000 | 00554nam a2200181 i 4500 | ||
|---|---|---|---|
| 001 | bg | ||
| 245 | 0 |
_aZbiór zadań z termodynamiki technicznej / _cS. Ochęduszko [et al.]. |
|
| 250 | _aWyd.4 popr. i uzup. | ||
| 260 |
_aWarszawa, _c1975. |
||
| 650 | 9 | _aTermodynamika techniczna | |
| 655 | _aĆwiczenia i zadania | ||
| 700 | 1 | _aOchęduszko, S. | |
| 040 | _cBPK | ||
| 041 | _apol | ||
| 942 | _cKS | ||
| 008 | s pl f |000 0 pol | ||
| 856 |
_uhttp://koha.tu.koszalin.pl/cgi-bin/koha/opac-detail.pl?biblionumber=5845 _yKatalog online BPK |
||
| 999 |
_c5845 _d5845 |
||